000 01663naa a22003257a 4500
001 BR8602285
003 BR-BrBNA
005 20240918175710.0
007 ta
008 230509b bl.||||| |||| 00| 0 por d
040 _aBR-BrBNA
_bpor
_cBiblioteca Nacional de Agricultura
041 _a(Pt)
072 _aH10; F61
_b1122
_b4050
090 _aH10 BR8602285
100 1 _aCunha, R.J.P.
100 1 _aHaag, H.P.
111 1 _a8. Congresso Brasileiro de Fruticultura
_cBrasilia, DF (Brazil)
_d26-31 Jan 1986
245 1 _aNutricao mineral do mamoeiro (Carica papaya L.)7. Influencia do nematoide (Meloidogyne spp)sobre a absorcao de nutrientes
246 1 _aMineral nutrition of papaya plant (Carica papaya L.)7. influence of nematode infestation (Meloidogyne spp)on nutrient absorption
246 1 _a[Annals of the 8. Brazilian Congress of Fruitculture. v. 2]
260 3 _aBrasilia, DF (Brasil):
_bEMBRAPA. DDT,
_c1986.
500 _aPinto, A.C. de Q.; Genu, P.J. de C. (eds.) Anais do 8. Congresso Brasileiro de Fruticultura. v. 2 Brasilia, DF (Brasil): EMBRAPA. DDT, 1986. p. 355-359 (BR8602285-AM)H10
650 _aMAMAO
650 _aNEMATOIDE
650 _aABSORCAO
650 _aNUTRIENTE
773 0 _tAnais do 8. Congresso Brasileiro de Fruticultura. v. 2
_aPinto, A.C. de Q.; Genu, P.J. de C. (eds.). Sociedade Brasileira de Fruticultura, Brasilia, DF (Brasil);Empresa Brasileira de Pesquisa Agropecuaria, Brasilia, DF (Brasil);Conselho Nacional de Desenvolvimento Cientifico e Tecnologico, Brasilia, DF (Brasil)
_wH10 BR8602285
_gBrasilia, DF (Brasil), 1986. p. 355-359
909 _a202404
_bLucia
_c55
_dLucia Elande
942 _cAM
_2AGRIS
999 _c317785
_d317785